000 00263nam a22001217a 4500
003 SGT
082 _a688
_bGOY
100 _aGOYAL, SANDEEP KUMAR
245 _aTHE BIG BOOK OF PACKAGING
260 _aUSA
_bPACKAGING PUB.
_c2016
300 _a504
942 _2ddc
_cBK
999 _c32403
_d32403